[Event "Liga Madrileña - DH 2014-2015"]
[Site "Madrid ESP"]
[Date "2015.01.10"]
[Round "5.34"]
[White "Congiu, Mathilde"]
[Black "Cabanas Jimenez, Andres"]
[Result "1-0"]
[WhiteElo "2317"]
[BlackElo "2212"]
[PlyCount "97"]
[EventDate "2014.11.23"]
[EventType "team-tourn"]
[EventRounds "14"]
[EventCountry "ESP"]
[Source "lmi"]
[SourceDate "2014.11.23"]
[WhiteTeam "Virgen de Atocha"]
[BlackTeam "64 Villalba"]
[WhiteTeamCountry "ESP"]
[BlackTeamCountry "ESP"]

1. e4 c5 2. Nf3 e6 3. d4 cxd4 4. Nxd4 a6 5. Bd3 Qc7 6. O-O Nf6 7. c4 Nc6 8.
Nxc6 bxc6 9. Qe2 d6 10. Nc3 Be7 11. f4 Nd7 12. Kh1 Bf6 13. e5 Be7 14. exd6 Bxd6
15. Ne4 Be7 16. f5 e5 17. Qg4 Kf8 18. Bg5 Bxg5 19. Qxg5 f6 20. Qd2 c5 21. Rad1
Bb7 22. b4 Ke7 23. bxc5 Nxc5 24. Qb4 Bxe4 25. Bxe4 Rab8 26. Qa3 Rhd8 27. Rxd8
Rxd8 28. Bd5 Rd6 29. Qh3 h6 30. Qh5 Kd8 31. h3 Qe7 32. Rb1 Kc7 33. Qe2 Rb6 34.
Rd1 Rb8 35. Qe1 Kb6 36. Qe3 Kc7 37. Qa3 Rb6 38. Be6 Kb8 39. Rd5 Rc6 40. Rd7
Qxd7 41. Bxd7 Nxd7 42. Qe7 Kc7 43. Qxg7 Rxc4 44. Qxh6 e4 45. h4 Kd6 46. Qd2+
Kc6 47. h5 Ne5 48. h6 Ng4 49. Qf4 1-0

[Event "Liga Madrileña - DH 2014-2015"]
[Site "Madrid ESP"]
[Date "2015.01.10"]
[Round "5.35"]
[White "Cabanas Jimenez, Manuel"]
[Black "Plazuelo Pascual, Juan"]
[Result "1/2-1/2"]
[WhiteElo "2127"]
[BlackElo "2122"]
[PlyCount "48"]
[EventDate "2014.11.23"]
[EventType "team-tourn"]
[EventRounds "14"]
[EventCountry "ESP"]
[Source "lmi"]
[SourceDate "2014.11.23"]
[WhiteTeam "64 Villalba"]
[BlackTeam "Virgen de Atocha"]
[WhiteTeamCountry "ESP"]
[BlackTeamCountry "ESP"]

1. e4 e6 2. d4 d5 3. Nc3 Nf6 4. Bg5 Bb4 5. e5 h6 6. exf6 hxg5 7. fxg7 Rg8 8. h4
Rxg7 9. Qh5 gxh4 10. Qh8+ Bf8 11. Qxh4 Qxh4 12. Rxh4 Bd7 13. Nf3 Nc6 14. O-O-O
O-O-O 15. Ne2 Be7 16. Rh2 Bd6 17. g3 Ne7 18. Ne1 Bb5 19. Nd3 Bxd3 20. Rxd3 Nf5
21. Rh5 Rgg8 22. Rh7 Rg7 23. Rh5 Rgg8 24. Rh7 Rg7 1/2-1/2

[Event "Liga Madrileña - DH 2014-2015"]
[Site "Madrid ESP"]
[Date "2015.01.10"]
[Round "5.36"]
[White "Perez de Aranda, Leonardo Ivan"]
[Black "Blasco de la Cruz, Luis"]
[Result "1/2-1/2"]
[WhiteElo "2094"]
[BlackElo "1991"]
[PlyCount "38"]
[EventDate "2014.11.23"]
[EventType "team-tourn"]
[EventRounds "14"]
[EventCountry "ESP"]
[Source "lmi"]
[SourceDate "2014.11.23"]
[WhiteTeam "Virgen de Atocha"]
[BlackTeam "64 Villalba"]
[WhiteTeamCountry "ESP"]
[BlackTeamCountry "ESP"]

1. e4 Nf6 2. e5 Nd5 3. d4 d6 4. Nf3 Bg4 5. Be2 e6 6. O-O Be7 7. c4 Nb6 8. exd6
cxd6 9. h3 Bh5 10. Nc3 O-O 11. Bf4 N8d7 12. b3 Nf6 13. g4 Bg6 14. Nd2 Rc8 15.
Bf3 Qd7 16. g5 Nfd5 17. Nxd5 exd5 18. cxd5 Rc7 19. Bg2 Rfc8 1/2-1/2

[Event "Liga Madrileña - DH 2014-2015"]
[Site "Madrid ESP"]
[Date "2015.01.11"]
[Round "5.41"]
[White "Bolado Saez, Sergio"]
[Black "Vazquez Igarza, Renier"]
[Result "0-1"]
[WhiteElo "2358"]
[BlackElo "2597"]
[PlyCount "84"]
[EventDate "2014.11.23"]
[EventType "team-tourn"]
[EventRounds "14"]
[EventCountry "ESP"]
[Source "lmi"]
[SourceDate "2014.11.23"]
[WhiteTeam "Blanco y Negro"]
[BlackTeam "Collado Villalba"]
[WhiteTeamCountry "ESP"]
[BlackTeamCountry "ESP"]

1. d4 Nf6 2. c4 e6 3. Nf3 b6 4. g3 Ba6 5. b3 Bb4+ 6. Bd2 Be7 7. Bg2 c6 8. O-O
d5 9. Bc3 O-O 10. Nbd2 Nbd7 11. Re1 c5 12. e4 Nxe4 13. Nxe4 dxe4 14. Rxe4 Bb7
15. Re2 cxd4 16. Nxd4 Bxg2 17. Kxg2 Qc7 18. Rd2 Ne5 19. Qe2 Qb7+ 20. f3 Ng6 21.
Rad1 a6 22. b4 Rac8 23. Rc2 Bf6 24. Nb3 Bxc3 25. Rxc3 h6 26. Rd6 Qc7 27. c5 Ne7
28. Rcd3 Nd5 29. Rd4 a5 30. Qe5 bxc5 31. Rg4 Ne3+ 32. Qxe3 Qxd6 33. bxc5 Qd5
34. Qxh6 Qe5 35. Qd2 Rfd8 36. Qc2 Rd5 37. Rc4 Qe3 38. Re4 Qd3 39. Qf2 Qb5 40.
Qe1 a4 41. Rb4 Qa6 42. Rb6 Qd3 0-1

[Event "Liga Madrileña - DH 2014-2015"]
[Site "Madrid ESP"]
[Date "2015.01.11"]
[Round "5.42"]
[White "Arribas Lopez, Angel"]
[Black "Alarcia Astiz, Carlos"]
[Result "1-0"]
[WhiteElo "2537"]
[BlackElo "2337"]
[PlyCount "57"]
[EventDate "2014.11.23"]
[EventType "team-tourn"]
[EventRounds "14"]
[EventCountry "ESP"]
[Source "lmi"]
[SourceDate "2014.11.23"]
[WhiteTeam "Collado Villalba"]
[BlackTeam "Blanco y Negro"]
[WhiteTeamCountry "ESP"]
[BlackTeamCountry "ESP"]

1. e4 c6 2. Nc3 d5 3. Nf3 dxe4 4. Nxe4 Nf6 5. Nxf6+ exf6 6. Bc4 Bd6 7. Qe2+ Qe7
8. Qxe7+ Kxe7 9. d4 Bg4 10. h3 Bxf3 11. gxf3 Re8 12. Bd3 g6 13. Bh6 Kd7+ 14.
Kd2 Bf8 15. Be3 a5 16. h4 h5 17. Bc4 Re7 18. a4 Na6 19. d5 Nc7 20. dxc6+ Kxc6
21. Rad1 Rd8+ 22. Kc1 Rxd1+ 23. Rxd1 Ne6 24. Rd3 Kc7 25. Rd5 f5 26. Rxa5 f4 27.
Bd2 Bh6 28. Ra8 Nd4 29. Ba5+ 1-0

[Event "Liga Madrileña - DH 2014-2015"]
[Site "Madrid ESP"]
[Date "2015.01.11"]
[Round "5.43"]
[White "Renteria Becerra, Jorge Elicer"]
[Black "Moreno Ruiz, Javier"]
[Result "1/2-1/2"]
[WhiteElo "2253"]
[BlackElo "2470"]
[PlyCount "134"]
[EventDate "2014.11.23"]
[EventType "team-tourn"]
[EventRounds "14"]
[EventCountry "ESP"]
[Source "lmi"]
[SourceDate "2014.11.23"]
[WhiteTeam "Blanco y Negro"]
[BlackTeam "Collado Villalba"]
[WhiteTeamCountry "ESP"]
[BlackTeamCountry "ESP"]

1. d4 Nf6 2. c4 e6 3. Nc3 Bb4 4. e3 d5 5. Nge2 dxc4 6. a3 Ba5 7. Qa4+ Nc6 8.
Qxc4 O-O 9. b4 Bb6 10. Bb2 e5 11. d5 Ne7 12. Rd1 Nf5 13. Ng3 Nd6 14. Qh4 Bd7
15. Bd3 h6 16. a4 a5 17. b5 Re8 18. Nge4 Nfxe4 19. Qxd8 Raxd8 20. Nxe4 f5 21.
Nd2 e4 22. Be2 f4 23. Nc4 Nxc4 24. Bxc4 fxe3 25. fxe3 Bg4 26. Be2 h5 27. Bxg4
hxg4 28. Ke2 Rf8 29. Rhf1 Rxf1 30. Rxf1 Rxd5 31. Rf4 Rd3 32. Rxe4 Rb3 33. Bc1
g3 34. hxg3 Bc5 35. Bd2 b6 36. g4 Kf7 37. Kf3 Rd3 38. Be1 Bd6 39. Bg3 Bxg3 40.
Kxg3 Kf6 41. Kf4 g5+ 42. Kf3 Rc3 43. Rd4 Ke5 44. Re4+ Kf6 45. Ke2 Rc2+ 46. Kd3
Rxg2 47. Rc4 Ke5 48. Rxc7 Rxg4 49. Re7+ Kd6 50. Rb7 Kc5 51. Rc7+ Kb4 52. Rc6
Kxa4 53. Rxb6 Rb4 54. e4 Rxb5 55. Rg6 Kb3 56. Kd4 a4 57. e5 a3 58. Rxg5 a2 59.
Rg1 Ka3 60. Ra1 Rb1 61. Rxa2+ Kxa2 62. e6 Kb3 63. Kd5 Re1 64. Kd6 Kc4 65. e7
Kd4 66. Kd7 Kd5 67. e8=Q Rxe8 1/2-1/2

[Event "Liga Madrileña - DH 2014-2015"]
[Site "Madrid ESP"]
[Date "2015.01.11"]
[Round "5.45"]
[White "Varela Fernandez, Andres"]
[Black "Bermejo Arruego, Luis"]
[Result "1-0"]
[WhiteElo "1932"]
[BlackElo "2174"]
[PlyCount "99"]
[EventDate "2014.11.23"]
[EventType "team-tourn"]
[EventRounds "14"]
[EventCountry "ESP"]
[Source "lmi"]
[SourceDate "2014.11.23"]
[WhiteTeam "Blanco y Negro"]
[BlackTeam "Collado Villalba"]
[WhiteTeamCountry "ESP"]
[BlackTeamCountry "ESP"]

1. e4 c5 2. d3 d5 3. Nc3 dxe4 4. dxe4 Qxd1+ 5. Nxd1 e6 6. Nc3 Nf6 7. Bg5 Be7 8.
Nf3 Nc6 9. O-O-O Ng4 10. Rd2 Bxg5 11. Nxg5 f6 12. Nf3 Ke7 13. Bb5 Bd7 14. h3
Nge5 15. Nxe5 Nxe5 16. Bxd7 Nxd7 17. f4 Rhd8 18. Rhd1 Nb6 19. b3 Rxd2 20. Rxd2
a6 21. a4 g5 22. a5 Nd7 23. f5 h5 24. fxe6 Kxe6 25. Nd5 Rc8 26. Ne3 h4 27. Nf5
Rc6 28. Rd5 Ne5 29. Rd8 Ng6 30. Re8+ Kd7 31. Rg8 Ne7 32. Nxe7 Kxe7 33. Rg7+ Ke6
34. Rxb7 Ke5 35. Rb6 Rxb6 36. axb6 Kd6 37. Kd2 Kc6 38. Ke2 Kxb6 39. Kf3 Kc6 40.
Kg4 Kd6 41. Kf5 Ke7 42. e5 fxe5 43. Kxe5 c4 44. b4 c3 45. Kd4 Kd6 46. Kxc3 Ke5
47. Kd3 Kf4 48. Ke2 Kg3 49. Kf1 Kf4 50. c4 1-0

[Event "Liga Madrileña - DH 2014-2015"]
[Site "Madrid ESP"]
[Date "2015.01.11"]
[Round "5.46"]
[White "Cao Armillas, Jesus"]
[Black "Bento Iglesias, Pablo"]
[Result "0-1"]
[WhiteElo "2113"]
[BlackElo "1809"]
[PlyCount "90"]
[EventDate "2014.11.23"]
[EventType "team-tourn"]
[EventRounds "14"]
[EventCountry "ESP"]
[Source "lmi"]
[SourceDate "2014.11.23"]
[WhiteTeam "Collado Villalba"]
[BlackTeam "Blanco y Negro"]
[WhiteTeamCountry "ESP"]
[BlackTeamCountry "ESP"]

1. d4 d5 2. c4 c6 3. Nf3 Nf6 4. Nc3 e6 5. e3 Nbd7 6. Bd3 Be7 7. O-O O-O 8. b3
b6 9. Bb2 Bb7 10. Qe2 h6 11. Rfd1 Qc7 12. Rac1 a6 13. cxd5 exd5 14. Bb1 Rfe8
15. Ne5 Nxe5 16. dxe5 Qxe5 17. Nxd5 Qg5 18. f4 Qxd5 19. Rxd5 Nxd5 20. Qd3 Nf6
21. Be5 Rad8 22. Qc3 Rd5 23. Qc2 Rc5 24. Qb2 Rxc1+ 25. Qxc1 Bc5 26. Qc2 Bxe3+
27. Kh1 Bxf4 28. Bc3 Ne4 29. Be1 c5 30. Kg1 Bc6 31. a4 b5 32. Qd1 Be3+ 33. Kf1
bxa4 34. bxa4 Bd4 35. Bc2 Re6 36. Qg4 Bd5 37. g3 Bc4+ 38. Kg2 Nf6 39. Qd1 Re2+
40. Kf3 Re3+ 41. Kg2 Bd5+ 42. Kh3 Bf3 43. Qb1 g5 44. Bf5 Re2 45. g4 Bg2+ 0-1

[Event "Liga Madrileña - DH 2014-2015"]
[Site "Madrid ESP"]
[Date "2015.01.18"]
[Round "6.11"]
[White "Fraga Castro, Jose Carlos"]
[Black "Moreno Trujillo, Alejandro"]
[Result "0-1"]
[WhiteElo "2174"]
[BlackElo "2522"]
[PlyCount "104"]
[EventDate "2014.11.23"]
[EventType "team-tourn"]
[EventRounds "14"]
[EventCountry "ESP"]
[Source "lmi"]
[SourceDate "2014.11.23"]
[WhiteTeam "Moratalaz"]
[BlackTeam "64 Villalba"]
[WhiteTeamCountry "ESP"]
[BlackTeamCountry "ESP"]

1. d4 d5 2. Nf3 Nf6 3. Bf4 c5 4. c3 Qb6 5. Qb3 c4 6. Qxb6 axb6 7. Nbd2 Nc6 8.
a3 b5 9. Rc1 h6 10. h3 g5 11. Bh2 Bg7 12. e3 Bf5 13. g4 Bg6 14. Ne5 Nxe5 15.
Bxe5 O-O 16. Bg2 Ne4 17. Bxg7 Kxg7 18. f4 e6 19. Nxe4 Bxe4 20. Bxe4 dxe4 21.
Kf2 f5 22. Kg3 Kg6 23. Rcd1 Rad8 24. Rdf1 h5 25. gxh5+ Kxh5 26. h4 gxf4+ 27.
Kxf4 Rg8 28. Rfg1 Rg4+ 29. Rxg4 fxg4 30. Kxe4 Rd5 31. Kf4 Rf5+ 32. Kg3 Rf3+ 33.
Kg2 Rxe3 34. Kf2 Rf3+ 35. Kg2 Rd3 36. Re1 Kxh4 37. Rxe6 Rd2+ 38. Kf1 Rxb2 39.
Rb6 Rb3 40. d5 Rxa3 41. Rxb7 Rxc3 42. Rxb5 Kg3 43. Rb8 Rd3 44. Rc8 Rd1+ 45. Ke2
Rxd5 46. Rxc4 Rf5 47. Re4 Kh3 48. Re8 Kg2 49. Re7 Kg3 50. Re8 Kg2 51. Re7 g3
52. Re8 Rh5 0-1

[Event "Liga Madrileña - DH 2014-2015"]
[Site "Madrid ESP"]
[Date "2015.01.18"]
[Round "6.14"]
[White "Gutierrez Castillo, Oscar"]
[Black "Mansilla Tolosa, Luis Eduardo"]
[Result "1/2-1/2"]
[WhiteElo "2165"]
[BlackElo "2053"]
[PlyCount "129"]
[EventDate "2014.11.23"]
[EventType "team-tourn"]
[EventRounds "14"]
[EventCountry "ESP"]
[Source "lmi"]
[SourceDate "2014.11.23"]
[WhiteTeam "64 Villalba"]
[BlackTeam "Moratalaz"]
[WhiteTeamCountry "ESP"]
[BlackTeamCountry "ESP"]

1. e4 c5 2. Nf3 d6 3. d4 cxd4 4. Nxd4 Nf6 5. Nc3 a6 6. Bg5 e6 7. f4 Nc6 8. Nxc6
bxc6 9. e5 h6 10. Bxf6 gxf6 11. exd6 Bxd6 12. Qf3 Qc7 13. Ne4 Be7 14. Qc3 e5
15. fxe5 fxe5 16. Bc4 Bf5 17. Qf3 Bxe4 18. Qxf7+ Kd7 19. O-O-O+ Bd5 20. Bxd5
cxd5 21. Qxd5+ Bd6 22. Qxe5 Rae8 23. Qf5+ Re6 24. Qf7+ Re7 25. Qf6 Rd8 26. Qxh6
Kc8 27. Qh3+ Kb8 28. Qb3+ Ka7 29. g3 Rb8 30. Qd3 Be5 31. c3 Qb6 32. Rd2 Rc7 33.
Rc2 Bxc3 34. b3 Rbc8 35. Kb1 Be5 36. Rxc7+ Qxc7 37. Re1 Bd6 38. Rd1 Ba3 39. Qd7
Qxd7 40. Rxd7+ Kb6 41. Rd1 Rh8 42. Rd2 Rc8 43. Rd1 Rh8 44. h4 Rg8 45. Rg1 Rg4
46. h5 Bd6 47. h6 Rxg3 48. Rh1 Be5 49. h7 Bh8 50. Kc2 Rg2+ 51. Kd3 Rxa2 52.
Rh6+ Kb5 53. Re6 Rh2 54. Re7 Rh3+ 55. Kc2 Rc3+ 56. Kd2 Rh3 57. Kc2 Kb4 58. Rb7+
Kc5 59. Ra7 Kb6 60. Rd7 Rc3+ 61. Kd2 Rc7 62. Rd6+ Kb5 63. Rh6 Kb4 64. Rxa6 Rxh7
65. Rb6+ 1/2-1/2

[Event "Liga Madrileña - DH 2014-2015"]
[Site "Madrid ESP"]
[Date "2015.01.18"]
[Round "6.15"]
[White "Cobo Diego, Fidel"]
[Black "Cabanas Jimenez, Manuel"]
[Result "1/2-1/2"]
[WhiteElo "2035"]
[BlackElo "2127"]
[PlyCount "51"]
[EventDate "2014.11.23"]
[EventType "team-tourn"]
[EventRounds "14"]
[EventCountry "ESP"]
[Source "lmi"]
[SourceDate "2014.11.23"]
[WhiteTeam "Moratalaz"]
[BlackTeam "64 Villalba"]
[WhiteTeamCountry "ESP"]
[BlackTeamCountry "ESP"]

1. e4 d5 2. exd5 Nf6 3. d4 Bg4 4. Nf3 Qxd5 5. Be2 Nc6 6. O-O O-O-O 7. Be3 Qf5
8. c3 e5 9. Nbd2 Bd6 10. Nc4 Rhe8 11. Nxd6+ Rxd6 12. Re1 exd4 13. Nxd4 Nxd4 14.
Bxg4 Nxg4 15. Bxd4 Rxe1+ 16. Qxe1 Re6 17. Qd2 c5 18. h3 cxd4 19. hxg4 Qxg4 20.
cxd4 Rd6 21. Rc1+ Kb8 22. Qc3 Qd7 23. Qg3 f6 24. Re1 a5 25. Re8+ Qxe8 26. Qxd6+
1/2-1/2

[Event "Liga Madrileña - DH 2014-2015"]
[Site "Madrid ESP"]
[Date "2015.01.18"]
[Round "6.21"]
[White "Almagro Llamas, Pablo"]
[Black "Bolado Saez, Sergio"]
[Result "0-1"]
[WhiteElo "2487"]
[BlackElo "2358"]
[PlyCount "54"]
[EventDate "2014.11.23"]
[EventType "team-tourn"]
[EventRounds "14"]
[EventCountry "ESP"]
[Source "lmi"]
[SourceDate "2014.11.23"]
[WhiteTeam "Virgen de Atocha"]
[BlackTeam "Blanco y Negro"]
[WhiteTeamCountry "ESP"]
[BlackTeamCountry "ESP"]

1. d4 Nf6 2. Nf3 e6 3. e3 d5 4. c4 c6 5. Nc3 Nbd7 6. Qc2 Bd6 7. g4 dxc4 8. Bxc4
e5 9. g5 Nd5 10. Bd2 exd4 11. Nxd4 O-O 12. Ne4 Ne5 13. Be2 Nb4 14. Qb3 a5 15.
Nxd6 Qxd6 16. f4 Ng6 17. a3 c5 18. Nb5 Qc6 19. Kf2 Be6 20. Qc3 Nd5 21. Qc2 f6
22. h4 fxg5 23. hxg5 Bf5 24. Qb3 a4 25. Qa2 Be6 26. Bc4 Ne5 27. Nc3 Nxf4 0-1

[Event "Liga Madrileña - DH 2014-2015"]
[Site "Madrid ESP"]
[Date "2015.01.18"]
[Round "6.22"]
[White "Alarcia Astiz, Carlos"]
[Black "Rubio Mejia, Luis Ignacio"]
[Result "0-1"]
[WhiteElo "2337"]
[BlackElo "2453"]
[PlyCount "84"]
[EventDate "2014.11.23"]
[EventType "team-tourn"]
[EventRounds "14"]
[EventCountry "ESP"]
[Source "lmi"]
[SourceDate "2014.11.23"]
[WhiteTeam "Blanco y Negro"]
[BlackTeam "Virgen de Atocha"]
[WhiteTeamCountry "ESP"]
[BlackTeamCountry "ESP"]

1. e4 c5 2. Nf3 e6 3. d4 cxd4 4. Nxd4 Nc6 5. Nc3 Qc7 6. Be3 a6 7. Be2 Nf6 8.
O-O Bb4 9. f3 O-O 10. Kh1 Na5 11. Qd3 Be7 12. f4 d6 13. a4 Bd7 14. g4 Nc6 15.
g5 Ne8 16. Rf3 g6 17. Rg3 Ng7 18. Rf1 f5 19. gxf6 Bxf6 20. Bg4 Nxd4 21. Bxd4
Bxd4 22. Qxd4 Bc6 23. Kg1 Qe7 24. a5 e5 25. fxe5 Rxf1+ 26. Kxf1 dxe5 27. Qc4+
Kh8 28. Kg2 h5 29. Bf3 Ne6 30. Ne2 Qf6 31. Qc3 Rf8 32. Qe3 Nf4+ 33. Kf1 Bb5 34.
Ke1 Bxe2 35. Bxe2 Qh4 36. Kd2 Qxh2 37. Rxg6 Rd8+ 38. Ke1 Kh7 39. Rg3 Nxe2 40.
Rh3 Qg1+ 41. Kxe2 Qd1+ 42. Kf2 Rd2+ 0-1

[Event "Liga Madrileña - DH 2014-2015"]
[Site "Madrid ESP"]
[Date "2015.01.18"]
[Round "6.23"]
[White "Martinez Martin, David"]
[Black "Renteria Becerra, Jorge Elicer"]
[Result "1/2-1/2"]
[WhiteElo "2407"]
[BlackElo "2253"]
[PlyCount "56"]
[EventDate "2014.11.23"]
[EventType "team-tourn"]
[EventRounds "14"]
[EventCountry "ESP"]
[Source "lmi"]
[SourceDate "2014.11.23"]
[WhiteTeam "Virgen de Atocha"]
[BlackTeam "Blanco y Negro"]
[WhiteTeamCountry "ESP"]
[BlackTeamCountry "ESP"]

1. d4 Nf6 2. c4 c5 3. d5 b5 4. cxb5 a6 5. bxa6 g6 6. Nc3 Bxa6 7. g3 d6 8. Bg2
Bg7 9. Nf3 Nfd7 10. Qc2 Nb6 11. h4 N8d7 12. h5 Nc4 13. Ng5 Qa5 14. Ne6 Bf6 15.
O-O Rb8 16. hxg6 hxg6 17. Nf4 Nxb2 18. Bxb2 Rxb2 19. Qxb2 Bxc3 20. Qc2 Bxa1 21.
Rxa1 Ne5 22. Rb1 O-O 23. Be4 Kg7 24. Kg2 Bc4 25. Bxg6 Bxd5+ 26. Be4 Bxe4+ 27.
Qxe4 Qa8 28. Qxa8 Rxa8 1/2-1/2

[Event "Liga Madrileña - DH 2014-2015"]
[Site "Madrid ESP"]
[Date "2015.01.18"]
[Round "6.24"]
[White "Garrido Olivares, Ricard"]
[Black "Vazquez Torres, Adrian"]
[Result "1-0"]
[WhiteElo "2181"]
[BlackElo "2198"]
[PlyCount "91"]
[EventDate "2014.11.23"]
[EventType "team-tourn"]
[EventRounds "14"]
[EventCountry "ESP"]
[Source "lmi"]
[SourceDate "2014.11.23"]
[WhiteTeam "Blanco y Negro"]
[BlackTeam "Virgen de Atocha"]
[WhiteTeamCountry "ESP"]
[BlackTeamCountry "ESP"]

1. c4 Nf6 2. g3 c5 3. Nc3 Nc6 4. Bg2 e6 5. Nf3 a6 6. O-O Be7 7. d4 cxd4 8. Nxd4
O-O 9. e4 Qc7 10. b3 Nxd4 11. Qxd4 e5 12. Qd3 d6 13. Bg5 Be6 14. a4 Rfd8 15.
Rfc1 Ng4 16. Bd2 Qb6 17. Nd1 Rf8 18. a5 Qd8 19. h3 Nf6 20. Ne3 Kh8 21. Nf5 Ne8
22. Bb4 Rc8 23. Rd1 Rg8 24. Nxe7 Qxe7 25. Bxd6 Nxd6 26. Qxd6 Qf6 27. Qb6 Rb8
28. Rd6 g5 29. Rad1 h5 30. Qe3 Kh7 31. b4 Qe7 32. c5 Rg6 33. Bf1 Rbg8 34. Kg2
Rh6 35. Be2 f6 36. c6 bxc6 37. Rxc6 Bc8 38. Qc3 Qe8 39. Bxa6 Bxh3+ 40. Kxh3 g4+
41. Kg2 h4 42. Rh1 h3+ 43. Kh2 Rg7 44. Rc1 Rhg6 45. Qe3 Qd8 46. Be2 1-0

[Event "Liga Madrileña - DH 2014-2015"]
[Site "Madrid ESP"]
[Date "2015.01.18"]
[Round "6.25"]
[White "Plazuelo Pascual, Juan"]
[Black "Triadu Cassa, Jordi"]
[Result "1/2-1/2"]
[WhiteElo "2122"]
[BlackElo "2177"]
[PlyCount "63"]
[EventDate "2014.11.23"]
[EventType "team-tourn"]
[EventRounds "14"]
[EventCountry "ESP"]
[Source "lmi"]
[SourceDate "2014.11.23"]
[WhiteTeam "Virgen de Atocha"]
[BlackTeam "Blanco y Negro"]
[WhiteTeamCountry "ESP"]
[BlackTeamCountry "ESP"]

1. d4 Nf6 2. c4 c5 3. d5 e6 4. Nc3 exd5 5. cxd5 d6 6. Nf3 g6 7. Bf4 a6 8. Nd2
Nh5 9. Qa4+ Qd7 10. Qe4+ Kd8 11. Bg5+ f6 12. Bh4 g5 13. Qf3 Qg4 14. Qxg4 Bxg4
15. Bg3 Bf5 16. e4 Bg6 17. Bd3 Nd7 18. a4 Be7 19. Nc4 Nxg3 20. hxg3 Ne5 21.
Nxe5 fxe5 22. g4 Kd7 23. Be2 Rhb8 24. Kd2 Bd8 25. a5 b5 26. axb6 Rxb6 27. Kc2
Rab8 28. Ra2 a5 29. Bc4 Rb4 30. b3 Ke7 31. f3 Kf6 32. Na4 1/2-1/2

[Event "Liga Madrileña - DH 2014-2015"]
[Site "Madrid ESP"]
[Date "2015.01.18"]
[Round "6.26"]
[White "Alba Linero, Emilio"]
[Black "Perez de Aranda, Leonardo Ivan"]
[Result "1-0"]
[WhiteElo "2137"]
[BlackElo "2094"]
[PlyCount "103"]
[EventDate "2014.11.23"]
[EventType "team-tourn"]
[EventRounds "14"]
[EventCountry "ESP"]
[Source "lmi"]
[SourceDate "2014.11.23"]
[WhiteTeam "Blanco y Negro"]
[BlackTeam "Virgen de Atocha"]
[WhiteTeamCountry "ESP"]
[BlackTeamCountry "ESP"]

1. e4 c5 2. Nf3 d6 3. d4 cxd4 4. Qxd4 Nc6 5. Bb5 Bd7 6. Bxc6 Bxc6 7. Nc3 Nf6 8.
Bg5 e6 9. O-O-O Be7 10. Rhe1 O-O 11. e5 dxe5 12. Qh4 Qc7 13. Nxe5 Nd5 14. Bxe7
Nxe7 15. Nxc6 bxc6 16. Rd3 Nd5 17. Rg3 Rad8 18. Re4 Ne7 19. Rh3 h6 20. Qg3 Qd7
21. Qe3 Nd5 22. Qe2 f5 23. Ra4 e5 24. Nxd5 cxd5 25. Rha3 e4 26. Rxa7 Qd6 27.
Rg3 g5 28. Ra6 Qf4+ 29. Qd2 Qxd2+ 30. Kxd2 Kg7 31. Rc3 Rf6 32. Rxf6 Kxf6 33.
Rc6+ Ke5 34. Rxh6 d4 35. Rg6 Kf4 36. g3+ Kf3 37. Rxg5 e3+ 38. fxe3 dxe3+ 39.
Ke1 Ke4 40. Rh5 Rd2 41. Rh4+ Ke5 42. a4 Rxc2 43. a5 Rxb2 44. Ra4 Rxh2 45. a6
Rh8 46. a7 Ra8 47. Ke2 f4 48. gxf4+ Kf5 49. Kxe3 Kf6 50. Kd4 Ke6 51. Kc5 Kd7
52. Kb6 1-0

[Event "Liga Madrileña - DH 2014-2015"]
[Site "Madrid ESP"]
[Date "2015.01.18"]
[Round "6.31"]
[White "Valles Moreno, Ivan"]
[Black "Granda Zuniga, Julio E"]
[Result "0-1"]
[WhiteElo "2391"]
[BlackElo "2654"]
[PlyCount "64"]
[EventDate "2014.11.23"]
[EventType "team-tourn"]
[EventRounds "14"]
[EventCountry "ESP"]
[Source "lmi"]
[SourceDate "2014.11.23"]
[WhiteTeam "Liberty Chess"]
[BlackTeam "Collado Villalba"]
[WhiteTeamCountry "ESP"]
[BlackTeamCountry "ESP"]

1. e4 c5 2. Nf3 Nc6 3. d4 cxd4 4. Nxd4 e6 5. Nc3 a6 6. Bf4 d6 7. Nb3 Nf6 8. Qd2
b5 9. O-O-O b4 10. Na4 e5 11. Be3 Rb8 12. f3 Be6 13. Bxa6 Be7 14. Qf2 Nd7 15.
f4 exf4 16. Bxf4 Nce5 17. Qg3 O-O 18. h4 Qc7 19. Bh6 Ng4 20. Bg5 Nde5 21. Nd4
h5 22. b3 Bxg5+ 23. hxg5 g6 24. Rd2 Bd7 25. Rh3 Qa7 26. Be2 Rfc8 27. Bxg4 Bxg4
28. Rh1 Bd7 29. Nf5 gxf5 30. Rxh5 Qg1+ 31. Kb2 f4 32. Qxf4 Rxc2+ 0-1

[Event "Liga Madrileña - DH 2014-2015"]
[Site "Madrid ESP"]
[Date "2015.01.18"]
[Round "6.32"]
[White "Vazquez Igarza, Renier"]
[Black "Martin Rueda, Daniel"]
[Result "1-0"]
[WhiteElo "2597"]
[BlackElo "2341"]
[PlyCount "93"]
[EventDate "2014.11.23"]
[EventType "team-tourn"]
[EventRounds "14"]
[EventCountry "ESP"]
[Source "lmi"]
[SourceDate "2014.11.23"]
[WhiteTeam "Collado Villalba"]
[BlackTeam "Liberty Chess"]
[WhiteTeamCountry "ESP"]
[BlackTeamCountry "ESP"]

1. d4 d5 2. Nf3 Nf6 3. c4 c6 4. Qc2 g6 5. Bf4 Na6 6. e3 Bf5 7. Qb3 Nb4 8. Qxb4
e5 9. Qxb7 Rb8 10. Qxc6+ Bd7 11. Qxf6 Qxf6 12. Bxe5 Qb6 13. b3 Bb4+ 14. Nbd2
O-O 15. Bxb8 Rxb8 16. Bd3 Qa5 17. Ke2 Bg4 18. Rhd1 Bc3 19. Rac1 dxc4 20. Bxc4
Kg7 21. h3 Bxf3+ 22. Nxf3 f6 23. Rc2 Bb4 24. Bd3 Rb7 25. Kf1 Ba3 26. Nd2 Qh5
27. Rb1 Bb4 28. Nf3 Qa5 29. g3 Rc7 30. Rbc1 Re7 31. Kg2 Ba3 32. Rd1 Rc7 33.
Rdd2 Rc3 34. Bc4 Bd6 35. Re2 Rxc2 36. Rxc2 Qf5 37. Rd2 Qa5 38. Re2 Qc3 39. e4
h5 40. h4 Be7 41. e5 a5 42. a4 g5 43. exf6+ Bxf6 44. hxg5 Bxd4 45. Re7+ Kg6 46.
Rd7 Bc5 47. Bd3+ 1-0

[Event "Liga Madrileña - DH 2014-2015"]
[Site "Madrid ESP"]
[Date "2015.01.18"]
[Round "6.33"]
[White "Perez Gonzalez, Jose Manuel"]
[Black "Arribas Lopez, Angel"]
[Result "0-1"]
[WhiteElo "2349"]
[BlackElo "2537"]
[PlyCount "78"]
[EventDate "2014.11.23"]
[EventType "team-tourn"]
[EventRounds "14"]
[EventCountry "ESP"]
[Source "lmi"]
[SourceDate "2014.11.23"]
[WhiteTeam "Liberty Chess"]
[BlackTeam "Collado Villalba"]
[WhiteTeamCountry "ESP"]
[BlackTeamCountry "ESP"]

1. e4 c5 2. Nf3 d6 3. d4 cxd4 4. Nxd4 Nf6 5. Nc3 Nc6 6. Bc4 Bd7 7. Bb3 g6 8. f3
Nxd4 9. Qxd4 Bg7 10. Be3 O-O 11. Qd2 b5 12. a3 a5 13. O-O Rc8 14. Rad1 Rb8 15.
Ne2 b4 16. axb4 Rxb4 17. Nc1 Rb8 18. Nd3 a4 19. Ba2 Bb5 20. c4 Bd7 21. Bh6 Qb6+
22. Kh1 Be6 23. Bxg7 Kxg7 24. Qc3 Rfc8 25. Rb1 Kg8 26. Rfc1 Nd7 27. h3 Nc5 28.
Nxc5 dxc5 29. b3 a3 30. Ra1 Rd8 31. Rc2 Qd6 32. Rac1 Qf4 33. Rf1 Rd7 34. Qa5
Rbd8 35. Qxa3 Rd1 36. Rcf2 Bxh3 37. Qxc5 Rxf1+ 38. Rxf1 Rd2 39. Qg1 Qg3 0-1